000 002760000a22001090004500
100 1 _aSalem, Luis D.
245 1 0 _aLa Biblia y sus jardines
300 _aVol.49, núm.210 (1994), Páginas 8-9
650 1 4 _aBIBLIA-JARDINES
773 0 _tLa Biblia en las Américas
942 _cANA
999 _c62913
_d62913